Capitais da América do Sul - Statistics

Estatísticas Gerais
  • Esse quiz foi jogado 198 vezes
  • A pontuação média é 10 de 13
Estatísticas das Respostas
País Capital % Correto
Brasil Brasilia
100%
Argentina Buenos Aires
98%
Peru Lima
90%
Colombia Bogota
87%
Venezuela Caracas
86%
Bolivia La Paz
86%
Chile Santiago
85%
Paraguai Assunçao
83%
Uruguai Montevideu
81%
Equador Quito
78%
Guiana Georgetown
71%
Suriname Paramaribo
59%
Guiana Francesa Caiena
34%
Nenhum quiz correspondente encontrado
Distribuição das Pontuações
Porcentagem de Pessoas com Cada Pontuação
Percentil de Números Respondidos
Sua Pontuação Histórica
Você não jogou esse quiz